Women writing history: (Record no. 758178)

MARC details
000 -LEADER
fixed length control field 00439nam a2200169 4500
020 ## - INTERNATIONAL STANDARD BOOK NUMBER
ISBN 9788197673085
082 ## - DEWEY DECIMAL CLASSIFICATION NUMBER
Classification number 920.72
Item number THA.W
084 ## - OTHER CLASSIFICATION NUMBER
Source of Number Colon Classification
100 ## - MAIN ENTRY--AUTHOR NAME
Personal name Thapar, Romila
245 ## - TITLE STATEMENT
Title Women writing history:
Sub Title Three generations
260 ## - PUBLICATION, DISTRIBUTION, ETC. (IMPRINT)
Place of publication New Delhi:
Name of publisher zubaan;
Year of publication 2025.
300 ## - PHYSICAL DESCRIPTION
Number of Pages 182p.
700 ## - ADDED ENTRY--PERSONAL NAME
Personal name Kumkum roy
700 ## - ADDED ENTRY--PERSONAL NAME
Personal name Preeti Gulati
942 ## - ADDED ENTRY ELEMENTS (KOHA)
Source of classification or shelving scheme Dewey Decimal Classification
Koha item type Book
Holdings
Withdrawn status Lost status Source of classification or shelving scheme Damaged status Not for loan Collection code Home Library Current Location Shelving location Date acquired Cost, normal purchase price Full call number Accession Number Price effective from Koha item type
    Dewey Decimal Classification     Non-fiction Campus Library Kariavattom Campus Library Kariavattom General Stacks 26/03/2026 595.00 920.72 THA.W UCL35100 26/03/2026 Book